000 00790nam a2200241Ia 4500
003 OSt
005 20220923215204.0
006 a|||||r|||| 00| 0
007 ta
008 220922b |||||||| |||| 00| 0 hin d
024 _a176,420
037 _cTextual
040 _aARTS
_cARTS
_bhin
041 _2hin
_ahin
082 _aO152,1:g, N0
100 _aजैन, रवीन्द्र कुमार
245 0 _aसाहित्य लोचन के सिद्धान्त
246 _aSāhitya lochan ke siddhānta
260 _aनई दिल्ली
_b नेशनल पब्लि0
_c1990
300 _a299 पृ.
_ccm.
942 _hO152,1:g, N0
_cTEXL
_2CC
999 _c329970
_d329970